|
|
|
|
| LEADER |
00768nab a2200193 i 4500 |
| 001 |
acta14014 |
| 005 |
20210412081548.0 |
| 008 |
161015s1964 hu o 0|| fre d |
| 022 |
|
|
|a 0001-6969
|
| 040 |
|
|
|a SZTE Egyetemi Kiadványok Repozitórium
|b hun
|
| 041 |
|
|
|a fre
|
| 100 |
2 |
|
|a Szőkefalvi-Nagy Béla
|
| 245 |
1 |
0 |
|a Sur les contractions de l'espace de Hilbert
|h [elektronikus dokumentum] :
|b VII. Triangulations canoniques. Fonction minimum /
|c Szőkefalvi-Nagy Béla
|
| 260 |
|
|
|c 1964
|
| 300 |
|
|
|a 12-37
|
| 490 |
0 |
|
|a Acta scientiarum mathematicarum
|v 25 No. 1-2
|
| 695 |
|
|
|a Hilbert David, Természettudomány, Matematika, Művelődés
|
| 700 |
0 |
1 |
|a Foiaş Ciprian
|e aut
|
| 856 |
4 |
0 |
|u http://acta.bibl.u-szeged.hu/14014/1/math_025_fasc_001_002_012-037.pdf
|z Dokumentum-elérés
|